|
|
|
|
| LEADER |
00000nam a2200000 4500 |
| 008 |
150828b2004 M ||||| |||| 00| | spa d |
| 020 |
|
|
|a 9703214819 (UNAM)
|
| 020 |
|
|
|a 9707223812 (Plaza y Valdés)
|
| 090 |
|
|
|a 06.03.05
|b 2267
|
| 100 |
1 |
|
|9 948
|a Alvarado, María de Lourdes
|
| 245 |
1 |
3 |
|a La educación superior femenina en el México del siglo XXI: demanda social y reto gubernamental /
|c María de Lourdes Alvarado
|
| 260 |
|
|
|a México :
|b UNAM; Plaza y Valdés,
|c 2004
|
| 300 |
|
|
|a 364 páginas
|
| 490 |
|
|
|a Colección historia de la educación
|
| 650 |
1 |
4 |
|9 390
|a EDUCACIÓN DE LA MUJER
|
| 650 |
1 |
4 |
|9 456
|a EDUCACIÓN SECUNDARIA
|
| 650 |
1 |
4 |
|9 55
|a MUJERES
|
| 650 |
1 |
4 |
|9 22
|a HISTORIA
|
| 651 |
|
4 |
|9 19
|a MÉXICO
|
| 942 |
|
|
|i 004048
|h 06.03.05 2267
|2 z
|c 01
|
| 999 |
|
|
|c 2840
|d 2840
|